Capitales des États des États-Unis - Carte vierge - Statistiques

Statistiques générales
  • Ce quiz a été pris 215 fois
  • Le résultat moyen est 32 sur 50
Réponses sur la Carte
Les réponses sont colorées sur une échelle allant du rouge au vert en fonction du pourcentage des utilisateurs qui les ont devinées à leur premier essai. Vous pouvez retrouver ces pourcentages ci-dessous.
 
Statistiques - réponses
États Capitales % Correct
Texas Austin
90%
Massachusetts Boston
83%
Louisiane Bâton-Rouge
81%
Hawaï Honolulu
81%
Californie Sacramento
81%
Colorado Denver
80%
Géorgie Atlanta
78%
Oklahoma Oklahoma City
78%
Indiana Indianapolis
77%
Utah Salt Lake City
76%
Vermont Montpelier
73%
Arizona Phoenix
72%
New York Albany
71%
Alaska Juneau
71%
Floride Tallahassee
70%
Iowa Des Moines
69%
Tennessee Nashville
67%
Dakota du Nord Bismarck
65%
Washington Olympia
65%
Idaho Boise
64%
Nouveau-Mexique Santa Fe
64%
Illinois Springfield
64%
Mississippi Jackson
63%
Dakota du Sud Pierre
63%
Virginie Richmond
63%
Wyoming Cheyenne
62%
Ohio Columbus
62%
Alabama Montgomery
62%
Oregon Salem
62%
Montana Helena
59%
Caroline du Nord Raleigh
59%
Arkansas Little Rock
58%
Minnesota Saint Paul
58%
Rhode Island Providence
57%
Kentucky Frankfort
56%
Maine Augusta
55%
Caroline du Sud Columbia
55%
Virginie-Occidentale Charleston
53%
Nevada Carson City
52%
Nebraska Lincoln
52%
Wisconsin Madison
52%
Maryland Annapolis
51%
Missouri Jefferson City
51%
Delaware Dover
50%
Kansas Topeka
50%
New Hampshire Concord
49%
Pennsylvanie Harrisburg
48%
New Jersey Trenton
48%
Connecticut Hartford
47%
Michigan Lansing
47%
Aucun quiz correspondant
Distribution des résultats
% des personnes avec chaque résultat
Percentile par nombre de réponses
Votre historique - résultats
Vous n’avez pas pris ce quiz